| 000 | 01935nam a2200289Ia 4500 | ||
|---|---|---|---|
| 999 |
_c50614 _d50614 |
||
| 001 | 17564 | ||
| 003 | GE_BSU | ||
| 005 | 20200213163222.0 | ||
| 008 | 181216s2015ge xx |||||||||||||| ||geo|| | ||
| 020 | _a9789941462184 | ||
| 040 | _cGE_BSU | ||
| 041 | _ageo | ||
| 080 | _a910.4(560)+81(479.22)(092) მ-31 | ||
| 100 |
_aმარი, ნიკო. _9109 |
||
| 245 |
_aმოგზაურობიდან თურქეთის ლაზეთში (შთაბეჭდილებები და დაკვირვებები) / _cრუსულ. თარგმნა : მერაბ მეგრელიშვილმა ; რედ : რევაზ დიასამიძე ; ნანა ცეცხლაძე. |
||
| 264 |
_aბათუმი : _bშოთა რუსთაველის უნი-ტის გამ-ბა, _c2015. |
||
| 300 |
_a50 გვ; _bილ.; _c27 სმ. |
||
| 500 | _a(მოხსენებულია 1910წლის 21მარტის პეტერბურგის მეცნიერებათა აკადემიის ისტორია-ფილოლოგიის განყოფილების სხდომაზე). | ||
| 653 | _aგეოგრაფია | ||
| 653 | _aმოგზაურობა | ||
| 653 | _aმოგზაურობიდან თურქეთის ლაზეთში | ||
| 653 | _aნ.მარის მოგზაურობის მიზანი იყო ჭანურ-ლაზური ენის შესწავლა. | ||
| 700 |
_aმეგრელიშვილი, მერაბ _eრუსულიდან თარგმნა _91818 |
||
| 700 |
_aდიასამიძე, რევაზ _eრედაქტორი _9111 |
||
| 700 |
_aცეცხლაძე, ნანა _eრედაქტორი _94739 |
||
| 942 |
_cBK _2udc |
||